| 000 -CABECERA |
| Longitud fija campo de control |
00594nam a2200181 u 4500 |
| 001 - NÚMERO DE CONTROL |
| Número de control |
991061186676506706 |
| 003 - IDENTIFICADOR DEL NÚMERO DE CONTROL |
| Identificador del número de control |
OSt |
| 005 - FECHA Y HORA DE LA ÚLTIMA TRANSACCIÓN |
| Fecha y hora de la última transacción |
20240930124228.0 |
| 008 - CÓDIGOS DE INFORMACIÓN DE LONGITUD FIJA |
| Códigos de información de longitud fija |
s2021 xx r 000 0 cat d |
| 020 ## - NÚMERO INTERNACIONAL NORMALIZADO PARA LIBROS |
| Número Internacional Normalizado para Libros (ISBN) |
9788410161177 |
| 040 ## - FUENTE DE LA CATALOGACIÓN |
| Centro catalogador de origen |
CDMR |
| Lengua de catalogación |
cat |
| Centro transcriptor |
CDMR |
| 100 ## - PUNTO DE ACCESO PRINCIPAL-NOMBRE DE PERSONA |
| Nombre de persona |
Salicrú-Maltas, Maria |
| 9 (RLIN) |
4976 |
| 245 ## - MENCIÓN DE TÍTULO |
| Título |
Aquesta cançó, no! |
| Resto del título |
: [cara a cara amb els censors de la Nova Cançó] |
| Mención de responsabilidad, etc. |
/ Maria Salicrú-Maltas ; pròleg de Plàcid Garcia-Planas |
| 260 ## - PUBLICACIÓN, DISTRIBUCIÓN, ETC. (PIE DE IMPRENTA) |
| Lugar de publicación, distribución, etc. |
Barcelona : |
| Nombre del editor, distribuidor, etc. |
Comanegra, |
| Fecha de publicación, distribución, etc. |
2024 |
| 300 ## - DESCRIPCIÓN FÍSICA |
| Extensión |
318 pàgines |
| 650 #0 - PUNTO DE ACCESO ADICIONAL DE MATERIA - TÉRMINO DE MATERIA |
| 9 (RLIN) |
2723 |
| Término de materia o nombre geográfico como elemento inicial |
Censura |
| Subdivisión geográfica |
Catalunya |
| Subdivisión cronológica |
1958-1978 |
| 942 ## - ENTRADA DE ELEMENTOS AGREGADOS (KOHA) |
| Fuente de clasificaión o esquema |
|
| Koha [por defecto] tipo de item |
Monografies |